[Event "Sao Paulo Hebraica op 24th"]
[Site "Sao Paulo"]
[Date "2017.01.15"]
[Round "6"]
[White "Tieri, Andre Baranowski"]
[Black "De Albuquerque, Gabriel Tenorio"]
[Result "1/2-1/2"]
[WhiteElo "1434"]
[BlackElo "1564"]
[PlyCount "98"]
[EventDate "2017.01.13"]
[EventType "swiss"]
[EventRounds "6"]
[EventCountry "BRA"]
[SourceTitle "CBM 176 Extra"]
[Source "ChessBase"]
[SourceDate "2017.03.02"]
[SourceVersion "1"]
[SourceVersionDate "2017.03.02"]
[SourceQuality "1"]

1. e4 e5 2. Nf3 Nc6 3. Bb5 d6 4. d4 exd4 5. Nxd4 Bd7 6. Nxc6 bxc6 7. Bc4 Nf6 8. Nc3 Be7 9. 0-0 0-0 10. Re1 Be6 11. Bxe6 fxe6 12. e5 Nd5 13. Nxd5 cxd5 14. exd6 Qxd6 15. Qe2 Rf6 16. Bg5 Rg6 17. Bxe7 Qxe7 18. Rad1 Qg5 19. g3 Rf8 20. Qa6 Qg4 21. Qxa7 Rh6 22. f4 Rxf4 23. Rf1 Rhf6 24. Qe3 Rxf1+ 25. Rxf1 Rxf1+ 26. Kxf1 Qd1+ 27. Qe1 Qxe1+ 28. Kxe1 Kf8 29. Kd2 Ke7 30. b4 Kd6 31. Kd3 e5 32. a4 c5 33. bxc5+ Kxc5 34. c3 Kb6 35. c4 d4 36. h4 h5 37. Ke4 Kb7 38. Kd3 Kb6 39. Ke4 Kb7 40. Kd3 Kb6 41. Ke4 Kc5 42. a5 Kc6 43. Kd3 Kc5 44. Ke4 Kc6 45. Kd3 Kd6 46. a6 Kc6 47. c5 Kc7 48. Ke4 Kc6 49. Kd3 Kc7 1/2-1/2

[Event "Sao Paulo Hebraica op 24th"]
[Site "Sao Paulo"]
[Date "2017.01.13"]
[Round "1"]
[White "De Albuquerque, Gabriel Tenorio"]
[Black "Ikejiri, Daniel Yoshito"]
[Result "1-0"]
[WhiteElo "1564"]
[BlackElo "1988"]
[PlyCount "61"]
[EventDate "2017.01.13"]
[EventType "swiss"]
[EventRounds "6"]
[EventCountry "BRA"]
[SourceTitle "CBM 176 Extra"]
[Source "ChessBase"]
[SourceDate "2017.03.02"]
[SourceVersion "1"]
[SourceVersionDate "2017.03.02"]
[SourceQuality "1"]

1. d4 Nf6 2. Bf4 b6 3. e3 Bb7 4. Nf3 d6 5. Nbd2 Nbd7 6. c3 g6 7. Qc2 Bg7 8. Bd3 0-0 9. h4 e5 10. dxe5 dxe5 11. Nxe5 Nc5 12. Bf1 Nd5 13. 0-0-0 Nxf4 14. exf4 Qf6 15. h5 g5 16. h6 Bh8 17. b4 Qxf4 18. bxc5 Bxe5 19. Bd3 f5 20. g3 Qxf2 21. Rhf1 Qxc5 22. Bxf5 Qxc3 23. Bxh7+ Kh8 24. Qxc3 Bxc3 25. Bc2 Be5 26. Ne4 g4 27. Rxf8+ Rxf8 28. Rd7 Re8 29. Ng5 Bxg3 30. Rh7+ Kg8 31. Rg7+ 1-0

[Event "Sao Paulo Karman Cup 9th"]
[Site "Sao Paulo"]
[Date "2016.08.05"]
[Round "2"]
[White "De Albuquerque, Gabriel Tenorio"]
[Black "Dias, Joao Batista de Sou"]
[Result "0-1"]
[WhiteElo "1598"]
[BlackElo "1896"]
[PlyCount "116"]
[EventDate "2016.08.05"]
[EventType "swiss"]
[EventRounds "6"]
[EventCountry "BRA"]
[SourceTitle "CBM 174 Extra"]
[Source "ChessBase"]
[SourceDate "2016.10.10"]
[SourceVersion "1"]
[SourceVersionDate "2016.10.10"]
[SourceQuality "1"]

1. d4 d5 2. Bf4 g6 3. e3 Bg7 4. Nf3 Nf6 5. Nbd2 0-0 6. Ne5 Nbd7 7. Ndf3 c6 8. c3 a5 9. Bd3 a4 10. a3 c5 11. 0-0 Nh5 12. Bg3 Nxg3 13. hxg3 Nxe5 14. Nxe5 Bxe5 15. dxe5 Qc7 16. Bb5 Qa5 17. c4 dxc4 18. Bxc4 b5 19. Ba2 c4 20. Qf3 Bf5 21. e4 Be6 22. Rfd1 h5 23. Qc3 Qb6 24. Rd2 Rab8 25. Kf1 Rb7 26. Rc1 Rfb8 27. Rcd1 Kg7 28. Rc1 Qc6 29. Rd4 Qc5 30. Rd2 Qc6 31. Rd4 Qa6 32. Rc2 b4 33. axb4 Rxb4 34. Kg1 Qb5 35. Bxc4 Qxe5 36. Rd3 Qxc3 37. Rdxc3 Rxb2 38. Rxb2 Rxb2 39. Bxe6 fxe6 40. Ra3 Rb4 41. f3 Kf6 42. Kf2 Ke5 43. Ke2 Kd4 44. Rd3+ Ke5 45. Ra3 Rb2+ 46. Kf1 Rb4 47. Ke2 g5 48. Kf2 Kd4 49. Ke2 e5 50. Rd3+ Kc4 51. Rd7 a3 52. Rc7+ Kb3 53. Kd2 a2 54. Rc3+ Kb2 55. Rc2+ Ka3 56. Rc3+ Rb3 57. Rc1 Rb1 58. Rc3+ Kb4 0-1

[Event "Sao Paulo Salles Cup 7th"]
[Site "Sao Paulo"]
[Date "2016.03.20"]
[Round "6"]
[White "Hara, Aroldo Hiroiuqui"]
[Black "De Albuquerque, Gabriel Tenorio"]
[Result "1-0"]
[WhiteElo "1827"]
[BlackElo "1595"]
[PlyCount "113"]
[EventDate "2016.03.18"]
[EventType "swiss"]
[EventRounds "6"]
[EventCountry "BRA"]
[SourceTitle "CBM 171 Extra"]
[Source "ChessBase"]
[SourceDate "2016.04.26"]
[SourceVersion "1"]
[SourceVersionDate "2016.04.26"]
[SourceQuality "1"]

1. d4 d5 2. Nf3 Bf5 3. Bf4 e6 4. Nbd2 c5 5. e3 c4 6. c3 Nd7 7. h3 h6 8. Be2 Ngf6 9. Ne5 Ne4 10. Bh5 Nxe5 11. Bxe5 Qh4 12. Nxe4 Bxe4 13. Qa4+ Kd8 14. Bxf7 Qe7 15. Bh5 Bxg2 16. Rg1 Bxh3 17. Rg3 Bf5 18. Bd6 Qd7 19. Qxd7+ Kxd7 20. Bxf8 Raxf8 21. Rxg7+ Kc6 22. Kd2 Bd3 23. f4 Rfg8 24. Rag1 Rxg7 25. Rxg7 Rh7 26. Rg8 Bf5 27. Ke2 b5 28. a3 a5 29. Be8+ Kb6 30. Bg6 Bg4+ 31. Kd2 Rb7 32. Rh8 b4 33. axb4 axb4 34. cxb4 Kb5 35. Kc3 h5 36. Be8+ Kb6 37. Bxh5 Bf5 38. Rg8 Rh7 39. Rg5 Kb5 40. Be8+ Kb6 41. Bg6 Rh3 42. Bxf5 exf5 43. Rg6+ Kb5 44. Re6 Rg3 45. b3 cxb3 46. Kxb3 Rh3 47. Re5 Kc6 48. Ka4 Rh5 49. b5+ Kd6 50. Ka5 Rh3 51. Ka6 Rh6 52. b6 Rh1 53. Ka7 Kc6 54. b7 Ra1+ 55. Kb8 Ra3 56. Kc8 Ra7 57. Re6+ 1-0

[Event "Sao Paulo Salles Cup 7th"]
[Site "Sao Paulo"]
[Date "2016.03.19"]
[Round "4"]
[White "Caribe Santos, Luiz Carlos"]
[Black "De Albuquerque, Gabriel Tenorio"]
[Result "0-1"]
[WhiteElo "1548"]
[BlackElo "1595"]
[PlyCount "86"]
[EventDate "2016.03.18"]
[EventType "swiss"]
[EventRounds "6"]
[EventCountry "BRA"]
[SourceTitle "CBM 171 Extra"]
[Source "ChessBase"]
[SourceDate "2016.04.26"]
[SourceVersion "1"]
[SourceVersionDate "2016.04.26"]
[SourceQuality "1"]

1. d4 d5 2. c4 c6 3. Nf3 Nf6 4. cxd5 cxd5 5. Nc3 Nc6 6. a3 a6 7. b4 e6 8. Bg5 Be7 9. e3 h6 10. Bxf6 Bxf6 11. Bd3 0-0 12. Rc1 Qd6 13. 0-0 Bd7 14. Na4 Na7 15. Nc5 b5 16. Ne5 Bxe5 17. dxe5 Qe7 18. f4 Nc8 19. Rf3 Nb6 20. Rh3 f5 21. Qh5 Be8 22. Qh4 Qxh4 23. Rxh4 Bf7 24. Rh3 Rfc8 25. Rf3 Rc7 26. Rf2 Nc4 27. Bxc4 bxc4 28. Rff1 a5 29. Ra1 Kf8 30. Rfc1 Ke7 31. Kf2 Be8 32. Ke1 Rca7 33. Rab1 axb4 34. Rxb4 Rc7 35. Rb7 Rxb7 36. Nxb7 Rxa3 37. Kd2 Rd3+ 38. Ke2 Bh5+ 39. Kf2 Rd2+ 40. Kg3 g5 41. Rc3 Rd3 42. Rc1 Rxe3+ 43. Kf2 gxf4 0-1

[Event "Sao Paulo Salles Cup 7th"]
[Site "Sao Paulo"]
[Date "2016.03.19"]
[Round "3"]
[White "De Albuquerque, Gabriel Tenorio"]
[Black "Salama, Andre Sasson"]
[Result "0-1"]
[WhiteElo "1595"]
[BlackElo "2001"]
[PlyCount "100"]
[EventDate "2016.03.18"]
[EventType "swiss"]
[EventRounds "6"]
[EventCountry "BRA"]
[SourceTitle "CBM 171 Extra"]
[Source "ChessBase"]
[SourceDate "2016.04.26"]
[SourceVersion "1"]
[SourceVersionDate "2016.04.26"]
[SourceQuality "1"]

1. d4 Nf6 2. Bf4 b6 3. Nf3 Bb7 4. e3 g6 5. Nbd2 Bg7 6. c3 d6 7. Qc2 Nbd7 8. h3 0-0 9. Bd3 Re8 10. 0-0 e5 11. dxe5 dxe5 12. Bg5 Nc5 13. Bxf6 Qxf6 14. Ne4 Qe7 15. Nxc5 Qxc5 16. Be4 c6 17. Rad1 Qe7 18. Qb3 Kh8 19. h4 f5 20. Ng5 Bf6 21. Nf7+ Kg7 22. Nd6 fxe4 23. Nxe8+ Rxe8 24. Qa4 a6 25. Rd2 Rd8 26. Rxd8 Qxd8 27. Rd1 Qe7 28. Qxe4 c5 29. Qg4 h5 30. Qh3 Bc6 31. Qc8 Be8 32. Qxa6 Qe6 33. Qb7+ Bf7 34. g3 Bxh4 35. Rd7 Bg5 36. b3 h4 37. gxh4 Bxh4 38. Rd2 Kh6 39. Qh1 g5 40. c4 Qf5 41. Qg2 Bg6 42. e4 Qf4 43. f3 Bh5 44. Rd6+ Kg7 45. Qh3 Qe3+ 46. Kh2 Qf2+ 47. Qg2 Bg3+ 48. Kh3 g4+ 49. fxg4 Bxg4+ 50. Kxg4 Qf4+ 0-1